[Event "Lichtenberger Sommer 2017"]
[Site "Berlin"]
[Date "2017.08.26"]
[Round "8.54"]
[White "Schmidt, David"]
[Black "Korell, Klaus-Peter"]
[Result "0-1"]
[WhiteElo "1917"]
[BlackElo "1852"]
[PlyCount "76"]
[EventDate "2017.??.??"]
[WhiteTeam "Empor Potsdam"]
[BlackTeam "SG TT/Wiheil"]

1. d4 d5 2. Bf4 Nf6 3. e3 c5 4. c3 Nc6 5. Nd2 Qb6 6. Qb3 c4 7. Qc2 g6 8. f3 Nh5
9. Ne2 Bg7 10. g4 Nxf4 11. Nxf4 e6 12. h4 h6 13. b3 cxb3 14. axb3 Bd7 15. Bd3
Ne7 16. O-O e5 17. Ng2 O-O 18. Rac1 Rac8 19. Qb1 Rc7 20. Kh1 Rfc8 21. dxe5 Bxe5
22. c4 Qb4 23. Rf2 b5 24. Qa2 Be6 25. f4 Bc3 26. f5 Bd7 27. fxg6 fxg6 28. Nb1
Be5 29. Rcf1 bxc4 30. bxc4 dxc4 31. Be4 Be6 32. Nf4 Bf7 33. Qc2 Kg7 34. h5 g5
35. Nd5 Nxd5 36. Rxf7+ Rxf7 37. Rxf7+ Kxf7 38. Qf2+ Nf6 0-1

[Event "Lichtenberger Sommer 2017"]
[Site "Berlin"]
[Date "2017.08.26"]
[Round "8.55"]
[White "Bender, Sebastian"]
[Black "Schmidt, Jürgen"]
[Result "1/2-1/2"]
[WhiteElo "1876"]
[BlackElo "1952"]
[PlyCount "81"]
[EventDate "2017.??.??"]
[WhiteTeam "SC Zugzwang 95 (Berlin)"]
[BlackTeam "SC Kreuzberg"]

1. e4 e5 2. Nf3 Nc6 3. Bb5 a6 4. Ba4 Nf6 5. O-O b5 6. Bb3 Be7 7. Re1 O-O 8. h3
d6 9. c3 Na5 10. Bc2 c5 11. d4 Qc7 12. Nbd2 Bd7 13. Nf1 cxd4 14. cxd4 Rac8 15.
Bd3 h6 16. Bd2 Nc4 17. Bxc4 bxc4 18. d5 Bd8 19. Bc3 Qb8 20. N3d2 a5 21. Ne3 Bb5
22. Qe2 Qc7 23. Rac1 Nh7 24. b3 Bg5 25. bxc4 Bd7 26. Nf5 Bxf5 27. exf5 Qd7 28.
g4 Qd8 29. Rb1 Bf4 30. Nf3 Ng5 31. Nxg5 hxg5 32. Rb5 Ra8 33. Kg2 Qc7 34. Reb1
Rfc8 35. a4 Qxc4 36. Qxc4 Rxc4 37. Rb8+ Rxb8 38. Rxb8+ Kh7 39. Bxa5 Rxa4 40.
Bc7 e4 41. Rb6 1/2-1/2

[Event "Lichtenberger Sommer 2017"]
[Site "Berlin"]
[Date "2017.08.26"]
[Round "8.56"]
[White "Kurzweil, Thomas"]
[Black "Reck, Jessica"]
[Result "1-0"]
[WhiteElo "1918"]
[BlackElo "1730"]
[PlyCount "103"]
[EventDate "2017.??.??"]
[WhiteTeam "Spgem Kötz/Ichenhausen"]
[BlackTeam "SK König Tegel"]

1. d4 Nf6 2. Nf3 g6 3. Bf4 Bg7 4. Nbd2 d6 5. e4 O-O 6. Bd3 Bg4 7. h3 Bxf3 8.
Qxf3 Nc6 9. Be3 Nd7 10. c3 e5 11. d5 Ne7 12. g4 c6 13. c4 cxd5 14. cxd5 Nc5 15.
Bxc5 dxc5 16. g5 f5 17. gxf6 Rxf6 18. Qg3 Rf4 19. O-O-O Nc8 20. Kb1 Nd6 21. h4
Qc8 22. Rc1 b6 23. f3 Qe8 24. Rcg1 Bh6 25. Rg2 Rf6 26. Qh3 Bxd2 27. Rxd2 Qf7
28. Rf2 c4 29. Bc2 b5 30. Qg3 Qe7 31. h5 Raf8 32. Rg1 R8f7 33. Qg5 Rg7 34. Rfg2
Nf7 35. Qg4 Nd6 36. Bd1 Rf4 37. Qh3 g5 38. Qe6+ Qxe6 39. dxe6 h6 40. Rd2 Nb7
41. Rd5 a6 42. Rxe5 Rf8 43. e7 Re8 44. Re6 Rexe7 45. Rxh6 Nc5 46. Rc6 Re5 47.
h6 Rd7 48. f4 Rxd1+ 49. Rxd1 gxf4 50. Rd5 Rxd5 51. exd5 Ne4 52. Re6 1-0

[Event "Lichtenberger Sommer 2017"]
[Site "Berlin"]
[Date "2017.08.26"]
[Round "8.57"]
[White "Keusch, Horst"]
[Black "Rehmsmeier, Marc"]
[Result "1/2-1/2"]
[WhiteElo "1976"]
[BlackElo "1698"]
[PlyCount "94"]
[EventDate "2017.??.??"]
[WhiteTeam "SC Eintracht Berlin"]
[BlackTeam "vereinslos"]

1. f4 c5 2. Nf3 Nc6 3. e3 g6 4. Be2 Bg7 5. O-O Nf6 6. d3 O-O 7. c3 d6 8. e4 Bg4
9. Ng5 Bd7 10. Qe1 b5 11. Qh4 h6 12. Nf3 a5 13. e5 Nh7 14. Nbd2 b4 15. d4 bxc3
16. bxc3 cxd4 17. cxd4 dxe5 18. fxe5 Bf5 19. Nc4 g5 20. Qf2 Bg6 21. Be3 Nb4 22.
Rfd1 Nd5 23. Bd3 Bxd3 24. Rxd3 f6 25. Qe2 Re8 26. Rad1 Nf8 27. g3 Ng6 28. Bc1
Nb6 29. Ne3 Qc8 30. Rb3 Rb8 31. Qd3 Nf8 32. Nf5 Nd5 33. Nxg7 Kxg7 34. Ba3 Qd7
35. Rdb1 Rxb3 36. Rxb3 Rc8 37. Qa6 a4 38. Rb7 Rc7 39. exf6+ exf6 40. Bxf8+ Kxf8
41. Rb8+ Kg7 42. Qe2 Nc3 43. Qe3 Nxa2 44. Qa3 Rc1+ 45. Kg2 Rc2+ 46. Kg1 Rc1+
47. Kg2 Rc2+ 1/2-1/2

[Event "Lichtenberger Sommer 2017"]
[Site "Berlin"]
[Date "2017.08.26"]
[Round "8.58"]
[White "Bartoszewski-Reiski, Olaf"]
[Black "Dellert, Lena"]
[Result "0-1"]
[WhiteElo "1740"]
[BlackElo "1851"]
[PlyCount "80"]
[EventDate "2017.??.??"]
[WhiteTeam "Korona Gdansk"]
[BlackTeam "SF Wadgassen"]

1. e4 e5 2. f4 exf4 3. Nf3 g5 4. Bc4 Bg7 5. d4 d6 6. O-O h6 7. g3 Bh3 8. Rf2
fxg3 9. hxg3 Nf6 10. e5 Ng4 11. Re2 O-O 12. e6 fxe6 13. Bxe6+ Kh8 14. Qd3 Qf6
15. Nbd2 Nc6 16. Nh2 Qxd4+ 17. Kh1 Qxd3 18. cxd3 Nf2+ 19. Rxf2 Bxe6 20. Re2
Bd5+ 21. Ne4 Nd4 22. Rd2 Rae8 23. Rd1 Bxe4+ 24. dxe4 Rxe4 25. Bd2 Ne2 26. Kg2
c6 27. Nf3 d5 28. Rh1 Kg8 29. Rae1 b6 30. Bc3 Nxc3 31. bxc3 Rfe8 32. Rc1 Re2+
33. Kf1 Rxa2 34. c4 Rf8 35. cxd5 Rxf3+ 36. Ke1 cxd5 37. Kd1 Bc3 38. Rxc3 Rxc3
39. Rxh6 Rxg3 40. Rh1 Ra1+ 0-1

[Event "Lichtenberger Sommer 2017"]
[Site "Berlin"]
[Date "2017.08.26"]
[Round "8.59"]
[White "Krüger, Detlef"]
[Black "Junge, Wolfgang"]
[Result "1-0"]
[WhiteElo "1816"]
[BlackElo "1853"]
[PlyCount "33"]
[EventDate "2017.??.??"]
[WhiteTeam "TSG Fredersdorf/Vogelsdorf"]
[BlackTeam "SC Friesen Lichtenberg"]

1. e4 e5 2. d4 exd4 3. c3 dxc3 4. Nxc3 d6 5. Bc4 Be6 6. Bxe6 fxe6 7. Nf3 Nd7 8.
Qb3 Nc5 9. Qc4 c6 10. Be3 d5 11. exd5 exd5 12. Qe2 Qe7 13. O-O Nf6 14. Rfe1 Kd8
15. Rad1 Nce4 16. Qc2 Qc7 17. Nxe4 1-0

[Event "Lichtenberger Sommer 2017"]
[Site "Berlin"]
[Date "2017.08.26"]
[Round "8.60"]
[White "Grassi, Fabrizio"]
[Black "Ros Gorne, Ramon"]
[Result "1-0"]
[WhiteElo "1868"]
[BlackElo "1645"]
[PlyCount "42"]
[EventDate "2017.??.??"]
[WhiteTeam "SV Berlin-Friedrichstadt"]
[BlackTeam "Sant Boi de Llobregat"]

1. d4 d5 2. Bf4 Nf6 3. e3 e6 4. Nd2 Be7 5. Bd3 O-O 6. Ngf3 b6 7. Ne5 Ba6 8.
Bxa6 Nxa6 9. Nc6 Qd7 10. Nxe7+ Qxe7 11. c3 c5 12. Qe2 c4 13. e4 b5 14. a3 Nc7
15. e5 Nd7 16. Qg4 f5 17. exf6 Nxf6 18. Qe2 Nce8 19. O-O Nh5 20. Qxh5 Rxf4 21.
Rae1 Rf5 1-0

[Event "Lichtenberger Sommer 2017"]
[Site "Berlin"]
[Date "2017.08.26"]
[Round "8.61"]
[White "Schneider, Eckehard"]
[Black "Eisheh, Jens-Tarek"]
[Result "0-1"]
[WhiteElo "1792"]
[BlackElo "1879"]
[PlyCount "38"]
[EventDate "2017.??.??"]
[WhiteTeam "SF 1903 Berlin"]
[BlackTeam "Lübecker SV"]

1. e4 e5 2. Nf3 Nc6 3. d4 exd4 4. Nxd4 Nf6 5. Nxc6 bxc6 6. e5 Qe7 7. Qe2 Nd5 8.
c4 Ba6 9. b3 g6 10. Qe4 Nf6 11. Qe2 Nd5 12. Qe4 Nb4 13. Nc3 f5 14. Qe2 d5 15.
a3 d4 16. axb4 Qxb4 17. Rxa6 Qxc3+ 18. Qd2 Qxb3 19. Bd3 Bb4 0-1

[Event "Lichtenberger Sommer 2017"]
[Site "Berlin"]
[Date "2017.08.26"]
[Round "8.62"]
[White "Lange, Cecilia"]
[Black "Regel, Michael"]
[Result "1-0"]
[WhiteElo "1886"]
[BlackElo "1582"]
[PlyCount "89"]
[EventDate "2017.??.??"]
[WhiteTeam "TSG Oberschöneweide"]
[BlackTeam "SC Friesen Lichtenberg"]

1. e4 c5 2. Nf3 Nc6 3. d4 cxd4 4. Nxd4 g6 5. Nc3 Bg7 6. Be3 Nf6 7. Be2 O-O 8.
O-O d5 9. exd5 Nxd5 10. Nxd5 Qxd5 11. Bf3 Qd7 12. Nxc6 bxc6 13. Rb1 Rb8 14.
Qxd7 Bxd7 15. Bxa7 Rxb2 16. Rxb2 Bxb2 17. Rd1 Bf5 18. g4 Ra8 19. Bc5 Be6 20.
Bxe7 Rxa2 21. g5 Ra1 22. Rxa1 Bxa1 23. Bxc6 Kg7 24. Kg2 f6 25. gxf6+ Bxf6 26.
Bxf6+ Kxf6 27. f4 g5 28. Be4 h6 29. Kf3 gxf4 30. Kxf4 Bc8 31. c4 Ba6 32. c5 Bc8
33. Bd5 Ba6 34. Ke4 Bc8 35. Bc6 Ke6 36. Bd5+ Kf6 37. Kd4 Kf5 38. c6 Kg4 39. Ke5
Kh3 40. Be6+ Bxe6 41. Kxe6 Kxh2 42. c7 h5 43. c8=Q h4 44. Qg8 h3 45. Qg4 1-0

[Event "Lichtenberger Sommer 2017"]
[Site "Berlin"]
[Date "2017.08.26"]
[Round "8.63"]
[White "Günther, Boris"]
[Black "Gebert-Vangeel, Ralf"]
[Result "0-1"]
[WhiteElo "1693"]
[BlackElo "2060"]
[PlyCount "36"]
[EventDate "2017.??.??"]
[WhiteTeam "SF Friedrichshagen"]
[BlackTeam "TSV Mariendorf"]

1. e4 e5 2. f4 Bc5 3. Nf3 d6 4. Bc4 Nf6 5. d3 O-O 6. Nc3 Ng4 7. d4 exd4 8. Nxd4
Qf6 9. Nd5 Qd8 10. b4 c6 11. bxc5 cxd5 12. Bxd5 dxc5 13. Nf5 Bxf5 14. Bxf7+
Kxf7 15. Qxd8 Rxd8 16. exf5 Re8+ 17. Kd2 Nc6 18. c3 Rad8+ 0-1

[Event "Lichtenberger Sommer 2017"]
[Site "Berlin"]
[Date "2017.08.26"]
[Round "8.64"]
[White "Prix, Siegfried"]
[Black "Badestein, Hartmut"]
[Result "1/2-1/2"]
[WhiteElo "1746"]
[BlackElo "2046"]
[PlyCount "85"]
[EventDate "2017.??.??"]
[WhiteTeam "SF 1903 Berlin"]
[BlackTeam "SC Friesen Lichtenberg"]

1. e4 c6 2. d4 d5 3. exd5 cxd5 4. Bd3 Nc6 5. Nf3 Bg4 6. c3 Nf6 7. O-O Qc7 8.
Re1 e6 9. Bg5 Bd6 10. h3 Bh5 11. Nbd2 h6 12. Be3 Bxf3 13. Nxf3 Bf4 14. Bxf4
Qxf4 15. Qe2 g5 16. Ne5 Nd7 17. g3 Qf6 18. Kg2 Ndxe5 19. dxe5 Qe7 20. Qe3 Rc8
21. Rad1 b6 22. Ba6 Rc7 23. Bb5 Qc5 24. Bxc6+ Rxc6 25. Re2 Qxe3 26. Rxe3 Ke7
27. Rf3 Rc4 28. Rd4 Rxd4 29. cxd4 Rc8 30. b3 Kf8 31. a4 Rc2 32. Rd3 Kg7 33. Kf3
f6 34. exf6+ Kxf6 35. Ke3 Rc1 36. f4 Rh1 37. fxg5+ hxg5 38. Kf3 Rxh3 39. Kg4
Rh1 40. Rf3+ Kg6 41. Re3 Kf6 42. Rf3+ Kg6 43. Re3 1/2-1/2

[Event "Lichtenberger Sommer 2017"]
[Site "Berlin"]
[Date "2017.08.26"]
[Round "8.65"]
[White "Oginski, Ulrich"]
[Black "Schröder, Justin"]
[Result "1/2-1/2"]
[WhiteElo "1882"]
[BlackElo "1647"]
[PlyCount "46"]
[EventDate "2017.??.??"]
[WhiteTeam "SC Weisse Dame (Berlin)"]
[BlackTeam "Leegebrucher SF"]

1. d4 Nf6 2. Nf3 d5 3. c4 e6 4. g3 dxc4 5. Qa4+ Nbd7 6. Bg2 a6 7. Qxc4 c5 8.
O-O Nb6 9. Qb3 Bd7 10. Nc3 Bc6 11. Rd1 c4 12. Qc2 Bd6 13. e4 Be7 14. Ne5 Rc8
15. a4 a5 16. Be3 Qc7 17. Qe2 Rg8 18. Nxc4 Nxc4 19. Qxc4 Bb4 20. Bf4 Qd7 21.
Rac1 Bxe4 22. Qe2 Bxg2 23. Kxg2 Bxc3 1/2-1/2

[Event "Lichtenberger Sommer 2017"]
[Site "Berlin"]
[Date "2017.08.26"]
[Round "8.66"]
[White "Muskewitz, Bernd"]
[Black "Fock, Amina"]
[Result "1-0"]
[WhiteElo "1923"]
[BlackElo "1587"]
[PlyCount "81"]
[EventDate "2017.??.??"]
[WhiteTeam "SV Mattnetz Berlin"]
[BlackTeam "SC Zugzwang 95 (Berlin)"]

1. d4 d5 2. c4 c6 3. Nf3 Nf6 4. Nc3 e6 5. Bg5 Nbd7 6. e3 Qa5 7. cxd5 Nxd5 8.
Qb3 Bb4 9. Rc1 N7b6 10. a3 Bxc3+ 11. bxc3 Na4 12. Bd3 Ndxc3 13. O-O Nd5 14. e4
Ndb6 15. g4 e5 16. Bd2 Be6 17. Qxe6+ fxe6 18. Bxa5 exd4 19. Be2 Rd8 20. Rfd1
Kf7 21. Nxd4 e5 22. Nf3 Rxd1+ 23. Bxd1 Re8 24. Rb1 Nc5 25. Bxb6 axb6 26. Rxb6
Re7 27. Bc2 h6 28. a4 Kf6 29. a5 Rd7 30. Kf1 Ke6 31. Ke2 Kf6 32. Rb1 Ne6 33.
Rd1 Nf4+ 34. Ke1 Rxd1+ 35. Kxd1 Ne6 36. Kd2 Nc7 37. Kc3 Ke6 38. Bb3+ Kd6 39.
Bc4 g5 40. h4 gxh4 41. Nxh4 1-0

[Event "Lichtenberger Sommer 2017"]
[Site "Berlin"]
[Date "2017.08.26"]
[Round "8.67"]
[White "Schmalisch, Bastian"]
[Black "Dreke, Frank"]
[Result "0-1"]
[WhiteElo "1600"]
[BlackElo "1958"]
[PlyCount "90"]
[EventDate "2017.??.??"]
[WhiteTeam "vereinslos"]
[BlackTeam "SV Mattnetz Berlin"]

1. d4 Nf6 2. c4 e6 3. Nc3 Bb4 4. Nf3 b6 5. e3 Bb7 6. Bd2 Bxc3 7. Bxc3 Ne4 8.
Rc1 Qe7 9. Bd3 Nxc3 10. Rxc3 O-O 11. O-O d6 12. e4 e5 13. d5 Nd7 14. b4 a5 15.
b5 Nc5 16. Bc2 Bc8 17. Nd2 f5 18. f3 f4 19. Rf2 Qh4 20. h3 Bd7 21. Kf1 Rf6 22.
Ke2 Raf8 23. a4 Bc8 24. Ra3 g5 25. Nb3 Nxb3 26. Rxb3 Rg6 27. Rb1 Rff6 28. Qg1
h5 29. Qh1 Qg3 30. Rbf1 Bd7 31. Bd1 g4 32. h4 gxf3+ 33. gxf3 Bh3 34. Re1 Bg2
35. Rxg2 Qxg2+ 36. Kd3 Rg3 37. Qxg2 Rxg2 38. Rh1 Rfg6 39. Be2 Rg1 40. Rh2 R6g2
41. Rxg2+ Rxg2 42. Bf1 Ra2 43. Bh3 Ra3+ 44. Ke2 Rxa4 45. Bf5 Kg7 0-1

[Event "Lichtenberger Sommer 2017"]
[Site "Berlin"]
[Date "2017.08.26"]
[Round "8.68"]
[White "Völler, Lothar"]
[Black "Plaza Reino, Mercedes"]
[Result "0-1"]
[WhiteElo "1714"]
[BlackElo "1824"]
[PlyCount "122"]
[EventDate "2017.??.??"]
[WhiteTeam "FS Dortmund"]
[BlackTeam "Enniscorthy Chess Club"]

1. c4 e5 2. Nc3 Nf6 3. g3 d5 4. cxd5 Nxd5 5. Bg2 Nb6 6. e3 Be7 7. Nge2 Nc6 8.
O-O O-O 9. d4 exd4 10. exd4 Re8 11. Be3 Nc4 12. Bc1 Nd6 13. a3 Bf5 14. b3 Qd7
15. Nd5 Bf8 16. Ne3 Bh3 17. Bb2 Bxg2 18. Nxg2 Rad8 19. Rc1 Ne7 20. Qc2 c6 21.
Nef4 Qf5 22. Qc5 Qxc5 23. dxc5 Ne4 24. b4 Nd2 25. Rfd1 Nf3+ 26. Kh1 Nf5 27. g4
Nh6 28. h3 f6 29. Rxd8 Rxd8 30. Ne3 Rd2 31. Rc2 Rd7 32. Bc3 Nf7 33. Kg2 N7e5
34. Ne6 Kf7 35. Nxf8 Kxf8 36. Bxe5 Nxe5 37. Nf5 Nf7 38. Rc3 g6 39. Ne3 Ne5 40.
Nc4 Nxc4 41. Rxc4 Rd3 42. Rf4 Rxa3 43. Rxf6+ Ke7 44. Rf4 Ra4 45. g5 a5 46. Rh4
Rxb4 47. Rxh7+ Ke6 48. Rc7 a4 49. Rc8 Rb5 50. h4 Rxc5 51. Ra8 b5 52. f4 Kf5 53.
Rf8+ Kg4 54. Rf6 Kh5 55. Kg3 a3 56. Rf8 Rc3+ 57. Kf2 Kxh4 58. f5 a2 59. Ra8
Rc2+ 60. Ke3 Kxg5 61. fxg6 Kxg6 0-1

[Event "Lichtenberger Sommer 2017"]
[Site "Berlin"]
[Date "2017.08.26"]
[Round "8.69"]
[White "Matitschka, Johannes"]
[Black "Stein, Siegfried"]
[Result "1/2-1/2"]
[WhiteElo "1780"]
[BlackElo "1761"]
[PlyCount "85"]
[EventDate "2017.??.??"]
[WhiteTeam "TSG Oberschöneweide"]
[BlackTeam "SV Berolina Mitte"]

1. e4 c5 2. Nf3 Nc6 3. d3 g6 4. g3 Bg7 5. Bg2 d6 6. c3 Rb8 7. a4 Nf6 8. O-O O-O
9. Na3 a6 10. Bf4 Nh5 11. Be3 b5 12. d4 b4 13. Nc4 Na5 14. Nfd2 Nxc4 15. Nxc4
bxc3 16. bxc3 cxd4 17. cxd4 a5 18. Qd2 Ba6 19. Rfc1 Bxc4 20. Rxc4 Nf6 21. Bh6
d5 22. exd5 Nxd5 23. Bxg7 Kxg7 24. Bxd5 Qxd5 25. Rc5 Qe4 26. Rxa5 e6 27. Rb5
Rfd8 28. Rxb8 Rxb8 29. Qe3 Rb1+ 30. Rxb1 Qxb1+ 31. Kg2 Qb4 32. Qe5+ Kg8 33. a5
h6 34. Qc5 Qb7+ 35. Kh3 Qf3 36. a6 Qxf2 37. Qc4 Qf5+ 38. Kg2 Qa5 39. Qc8+ Kg7
40. Qb7 Qd2+ 41. Kh3 Qd1 42. a7 Qh5+ 43. Kg2 1/2-1/2

[Event "Lichtenberger Sommer 2017"]
[Site "Berlin"]
[Date "2017.08.26"]
[Round "8.70"]
[White "Otter, Nils"]
[Black "Bollenbach, Horst"]
[Result "1-0"]
[WhiteElo "1759"]
[BlackElo "1723"]
[PlyCount "93"]
[EventDate "2017.??.??"]
[WhiteTeam "Admira Villach"]
[BlackTeam "SC Friesen Lichtenberg"]

1. e4 e5 2. f4 exf4 3. Nf3 Be7 4. Bc4 Bh4+ 5. Kf1 d6 6. d4 Be6 7. Bxe6 fxe6 8.
Bxf4 Qf6 9. g3 g5 10. e5 Qf7 11. Nxh4 gxf4 12. Kg2 Nc6 13. Rf1 dxe5 14. dxe5
Rd8 15. Qe2 Nd4 16. Qe4 c6 17. Rxf4 Qh5 18. Nf3 Nf5 19. Nc3 Nge7 20. g4 Rg8 21.
Kf2 Qh3 22. gxf5 Rg2+ 23. Ke3 Nxf5+ 24. Rxf5 exf5 25. Qh4 Rxh2 26. Qxh3 Rxh3
27. Kf4 Ke7 28. Rg1 Kd7 29. Rg7+ Kc8 30. Ne2 Rd7 31. Rg8+ Kc7 32. Ned4 Kb6 33.
Re8 c5 34. Re6+ Kc7 35. Nxf5 Rh1 36. Ne3 h5 37. Rh6 Rf7+ 38. Ke4 Rh3 39. Nd5+
Kd8 40. Nf4 Rh1 41. e6 Rg7 42. Kf5 Rd1 43. Rxh5 Ke7 44. Rh6 Rd6 45. Ke5 b6 46.
Ng6+ Rxg6 47. Rxg6 1-0

[Event "Lichtenberger Sommer 2017"]
[Site "Berlin"]
[Date "2017.08.26"]
[Round "8.71"]
[White "Weber, Gerald"]
[Black "Kretzschmar, Jan"]
[Result "0-1"]
[WhiteElo "1761"]
[BlackElo "1819"]
[PlyCount "76"]
[EventDate "2017.??.??"]
[WhiteTeam "SSV Rotation Berlin"]
[BlackTeam "SC Kreuzberg"]

1. c4 e6 2. g3 g6 3. Bg2 Bg7 4. Nc3 c5 5. e3 Nc6 6. Nge2 Nge7 7. Rb1 O-O 8. O-O
Rb8 9. b3 a6 10. Bb2 b5 11. cxb5 axb5 12. d3 d6 13. Qd2 Bd7 14. Ne4 Nc8 15.
Bxg7 Kxg7 16. Qb2+ f6 17. Nf4 Qe7 18. Rbc1 Kg8 19. h4 Nb6 20. Qe2 Rf7 21. Rfd1
e5 22. Nh3 Nd8 23. Nc3 Be6 24. Nxb5 Qd7 25. Nxd6 Qxd6 26. d4 cxd4 27. exd4 e4
28. Nf4 f5 29. d5 Bd7 30. Ne6 Nxe6 31. dxe6 Qxe6 32. Bf1 Qe5 33. a4 Be6 34. Qe3
Nd7 35. Bb5 f4 36. gxf4 Qf5 37. Bc4 Bxc4 38. Rxc4 Qg4+ 0-1

[Event "Lichtenberger Sommer 2017"]
[Site "Berlin"]
[Date "2017.08.26"]
[Round "8.72"]
[White "Wolff, Marie Antoinette"]
[Black "Ni Mhuireagain, Eibhia"]
[Result "1-0"]
[WhiteElo "1778"]
[BlackElo "1521"]
[PlyCount "77"]
[EventDate "2017.??.??"]
[WhiteTeam "Leegebrucher SF"]
[BlackTeam "The Ross Chess Club"]

1. d4 d5 2. c4 c6 3. e3 Nf6 4. Nc3 Bf5 5. Nf3 e6 6. Bd2 Nbd7 7. b3 Bd6 8. c5
Bc7 9. b4 b6 10. cxb6 axb6 11. Be2 Ne4 12. O-O O-O 13. a3 Nxd2 14. Qxd2 e5 15.
dxe5 Nxe5 16. b5 Qd6 17. Nxe5 Qxe5 18. f4 Qe6 19. bxc6 Qxc6 20. Nxd5 Qd6 21.
Qd4 Rfd8 22. Nxc7 Qxc7 23. Qb4 Qc2 24. Bf3 Rab8 25. Rac1 Qd3 26. Rfe1 Re8 27.
e4 Be6 28. e5 Qf5 29. Qe4 Qxe4 30. Bxe4 Bb3 31. Bc6 Red8 32. f5 Rd4 33. Ra1 Rc8
34. Bb5 Rf4 35. e6 fxe6 36. fxe6 Rf6 37. e7 Bf7 38. Rad1 Be8 39. Rd3 1-0

[Event "Lichtenberger Sommer 2017"]
[Site "Berlin"]
[Date "2017.08.26"]
[Round "8.73"]
[White "Fock, Sana"]
[Black "Bandsom, Olaf"]
[Result "1-0"]
[WhiteElo "1584"]
[BlackElo "1827"]
[PlyCount "65"]
[EventDate "2017.??.??"]
[WhiteTeam "SC Zugzwang 95 (Berlin)"]
[BlackTeam "SC Friesen Lichtenberg"]

1. e4 e5 2. Nc3 Nc6 3. g3 Nf6 4. Bg2 d6 5. Nge2 Bg4 6. f3 Be6 7. d4 exd4 8.
Nxd4 Nxd4 9. Qxd4 c5 10. Qf2 Bc4 11. Ne2 g6 12. O-O Bg7 13. h3 Qb6 14. Kh2 O-O
15. c3 Nd7 16. f4 f5 17. exf5 Rxf5 18. Be4 Rff8 19. Re1 Rae8 20. Bf3 Qb5 21. b3
Bd3 22. Bd2 Nf6 23. c4 Qd7 24. Nc3 Bf5 25. Qg2 Rb8 26. g4 Be6 27. g5 Kh8 28.
gxf6 Bxf6 29. Rad1 Bd8 30. Ne4 Kg8 31. Nxc5 dxc5 32. Rxe6 Bc7 33. Bd5 1-0

[Event "Lichtenberger Sommer 2017"]
[Site "Berlin"]
[Date "2017.08.26"]
[Round "8.74"]
[White "Jansen, Robert"]
[Black "Nimptsch, Nikolas"]
[Result "1-0"]
[WhiteElo "1783"]
[BlackElo "1379"]
[PlyCount "85"]
[EventDate "2017.??.??"]
[WhiteTeam "SC Kreuzberg"]
[BlackTeam "Leegebrucher SF"]

1. d4 Nf6 2. c4 e6 3. Nc3 b6 4. e3 Bb7 5. Nf3 Be7 6. Bd3 O-O 7. O-O d6 8. Re1
Nbd7 9. e4 c5 10. d5 a6 11. a3 Qc7 12. b3 exd5 13. exd5 Rfe8 14. Qc2 Bf8 15.
Bg5 g6 16. Qd2 Bg7 17. Rac1 Ng4 18. Bb1 Nde5 19. Nxe5 Nxe5 20. Ne4 Nd7 21. Qf4
Be5 22. Qh4 b5 23. Re3 f5 24. Rh3 Nf8 25. Nf6+ Bxf6 26. Bxf6 bxc4 27. bxc4 Qa5
28. Bc3 Qd8 29. Qh6 Qe7 30. Re3 Qf7 31. Rce1 Rxe3 32. Qxe3 Rd8 33. Bc2 Bc8 34.
Ba4 Bd7 35. Bxd7 Nxd7 36. Qe7 Qf8 37. Qe6+ Qf7 38. Qxd6 Re8 39. Rxe8+ Qxe8 40.
h3 Qc8 41. Qe6+ Kf8 42. Bf6 Qe8 43. Bg7+ 1-0

[Event "Lichtenberger Sommer 2017"]
[Site "Berlin"]
[Date "2017.08.26"]
[Round "8.75"]
[White "Kohlmeyer, Dagobert"]
[Black "Murat, Abylay"]
[Result "1-0"]
[WhiteElo "1888"]
[BlackElo "1400"]
[PlyCount "120"]
[EventDate "2017.??.??"]
[WhiteTeam "SC Rochade (Berlin)"]
[BlackTeam "vereinslos"]

1. e4 c5 2. Nf3 d6 3. d4 cxd4 4. Nxd4 a6 5. Nc3 Nf6 6. Be2 e5 7. Nb3 b5 8. a3
Bb7 9. Bg5 Be7 10. Bxf6 Bxf6 11. Nd5 Bg5 12. O-O O-O 13. Qd3 Nd7 14. Rad1 Nf6
15. Nxf6+ Qxf6 16. Na5 Qe7 17. Nxb7 Qxb7 18. Qxd6 Qxe4 19. Bf3 Qxc2 20. Bxa8
Rxa8 21. Qd5 Re8 22. Qd7 Ra8 23. Qb7 Qc8 24. Qxc8+ Rxc8 25. Rd6 Bc1 26. Rfd1 f5
27. Rxa6 Bxb2 28. g3 Bd4 29. Rd2 Rd8 30. Rc2 e4 31. Rac6 g5 32. Rc8 Rxc8 33.
Rxc8+ Kf7 34. Rb8 e3 35. fxe3 Bxe3+ 36. Kg2 Bc1 37. Rxb5 Bxa3 38. Rxf5+ Kg6 39.
Ra5 Bb4 40. Rb5 Bd2 41. Kf3 h6 42. Rb6+ Kh7 43. Rc6 h5 44. Ke4 h4 45. g4 Bf4
46. h3 Kg7 47. Kf5 Bd2 48. Rg6+ Kf7 49. Rxg5 Bxg5 50. Kxg5 Kg7 51. Kxh4 Kg6 52.
Kg3 Kg5 53. h4+ Kg6 54. Kf4 Kf6 55. h5 Kg7 56. Kg5 Kh7 57. Kf6 Kg8 58. g5 Kh7
59. g6+ Kg8 60. g7 Kh7 1-0

[Event "Lichtenberger Sommer 2017"]
[Site "Berlin"]
[Date "2017.08.26"]
[Round "8.76"]
[White "Ellert, Oliver"]
[Black "Karyah, Thomas"]
[Result "0-1"]
[WhiteElo "1497"]
[BlackElo "1664"]
[PlyCount "128"]
[EventDate "2017.??.??"]
[WhiteTeam "SV Empor Berlin"]
[BlackTeam "SC Zugzwang 95 (Berlin)"]

1. e4 d6 2. d4 Nf6 3. Nc3 g6 4. Bg5 Bg7 5. h3 c6 6. Bxf6 Bxf6 7. Nf3 Bg7 8. Bd3
Qb6 9. Na4 Qa5+ 10. c3 b5 11. b4 Qxa4 12. Qxa4 bxa4 13. a3 a5 14. Rb1 Be6 15.
bxa5 Bb3 16. Nd2 O-O 17. Nxb3 axb3 18. Rxb3 Rxa5 19. O-O c5 20. Rfb1 Nd7 21.
Rb7 Nf6 22. R1b3 Rc8 23. dxc5 Raxc5 24. c4 R5c7 25. f3 Nd7 26. Be2 Bd4+ 27. Kh2
Nc5 28. Rxc7 Rxc7 29. Rb8+ Kg7 30. Ra8 Nd7 31. Re8 Ra7 32. Rc8 Nc5 33. Rb8 Rxa3
34. Rb1 Ne6 35. Kh1 Ra2 36. Bf1 Nf4 37. Rd1 Bc5 38. Rb1 g5 39. Rd1 h5 40. Re1
h4 41. e5 Nh5 42. exd6 Ng3+ 43. Kh2 Bxd6 44. Kg1 Bc5+ 45. Kh2 Nxf1+ 46. Rxf1
Bd4 47. Rc1 Be5+ 48. Kg1 Ra1 49. Rxa1 Bxa1 50. Kf2 Kf6 51. Ke3 Ke5 52. Kd3 Bd4
53. Ke2 f5 54. Kd3 Ba1 55. Ke3 Bd4+ 56. Kd3 e6 57. Ke2 Kf4 58. Kd3 e5 59. Ke2
Kg3 60. c5 Bxc5 61. f4 gxf4 62. Kf1 Kh2 63. g3 fxg3 64. Ke2 g2 0-1

[Event "Lichtenberger Sommer 2017"]
[Site "Berlin"]
[Date "2017.08.26"]
[Round "8.77"]
[White "Schubert, Joachim"]
[Black "Kreuchauf, Olaf"]
[Result "0-1"]
[WhiteElo "1893"]
[BlackElo "1691"]
[PlyCount "86"]
[EventDate "2017.??.??"]
[WhiteTeam "SC Friesen Lichtenberg"]
[BlackTeam "SC Eintracht Berlin"]

1. e4 c5 2. Nf3 Nc6 3. d4 cxd4 4. Nxd4 Nf6 5. Nc3 e5 6. Nb3 Bb4 7. Bd3 d5 8.
exd5 Bxc3+ 9. bxc3 Nxd5 10. Qf3 O-O 11. Ba3 Re8 12. O-O Nf6 13. Rad1 Qc7 14.
Rde1 Bg4 15. Qe3 Rad8 16. Nd2 Qa5 17. Bb2 Bc8 18. f3 Nd5 19. Qe4 f5 20. Qc4
Qb6+ 21. Kh1 Qxb2 22. Nb3 Qxc3 23. Qh4 Qb4 24. c4 Nf4 25. Bb1 Qe7 26. Qg3 Qf7
27. Nc1 Rd6 28. Qf2 Rh6 29. g3 Nh5 30. Rg1 Be6 31. c5 Bd5 32. Bc2 Nd4 33. Bd1
Nf6 34. Qe3 Ng4 35. Qd2 Rxh2+ 36. Qxh2 Nxh2 37. Kxh2 Qh5+ 38. Kg2 Bxf3+ 39. Kf2
Bxd1 40. Rxd1 Qf3+ 41. Ke1 Rc8 42. Rd3 Qe4+ 43. Kf2 Rxc5 0-1

[Event "Lichtenberger Sommer 2017"]
[Site "Berlin"]
[Date "2017.08.26"]
[Round "8.78"]
[White "Lehmkuhl, Stefan"]
[Black "Möller, Dirk"]
[Result "1-0"]
[WhiteElo "1873"]
[BlackElo "1555"]
[PlyCount "101"]
[EventDate "2017.??.??"]
[WhiteTeam "Breloher SC"]
[BlackTeam "SC Kreuzberg"]

1. d4 f5 2. h3 Nf6 3. g4 d6 4. g5 Ne4 5. Nf3 e6 6. Qd3 Be7 7. h4 d5 8. Nc3 c5
9. dxc5 Nc6 10. a3 Bxc5 11. e3 Bd7 12. Bd2 O-O 13. Nd4 Qe8 14. Rg1 Qh5 15. Nb3
Qxh4 16. Nxe4 fxe4 17. Qe2 Be7 18. O-O-O Ne5 19. Be1 Nf3 20. Rg3 Bxg5 21. Bb4
Rf7 22. Bg2 Qh6 23. Rh1 Qf6 24. Na5 Bc6 25. Bh3 Re8 26. Kb1 Bd7 27. Nxb7 Rb8
28. Na5 Qe5 29. Nb3 Be7 30. Bc3 d4 31. exd4 Qd5 32. Bg4 Ba4 33. Bxf3 exf3 34.
Qd3 Rf5 35. Nc5 Bxc5 36. dxc5 Qxd3 37. Rxg7+ Kf8 38. cxd3 Rxc5 39. Rxa7 Rxc3
40. Rxa4 Rxd3 41. Rxh7 Kg8 42. Re7 Rd2 43. Rb4 Rxb4 44. axb4 Rxf2 45. Rxe6 Re2
46. Rf6 f2 47. Ka2 Kg7 48. Rf3 Kg6 49. b5 Kg5 50. Rf8 Kg4 51. b6 1-0